[Event "Saint Louis SPICE Cup op 7th"]
[Site "Saint Louis"]
[Date "2013.10.15"]
[Round "1"]
[White "Xiong, Jeffery"]
[Black "Nieto, Manuel Guillermo"]
[Result "1-0"]
[WhiteElo "2345"]
[BlackElo "1909"]
[PlyCount "39"]
[EventDate "2013.10.15"]
[EventType "swiss"]
[EventRounds "9"]
[EventCountry "USA"]
[SourceTitle "EXT 2014"]
[Source "ChessBase"]
[SourceDate "2013.11.20"]
[SourceVersion "1"]
[SourceVersionDate "2013.11.20"]
[SourceQuality "1"]

1. e4 d5 2. exd5 Qxd5 3. Nc3 Qd6 4. d4 Nf6 5. Nf3 c6 6. Ne5 Nbd7 7. Nc4 Qc7 8. Qf3 Nb6 9. Ne5 Be6 10. Bf4 Nbd5 11. Bg3 Qb6 12. 0-0-0 Nxc3 13. Qxc3 Ne4 14. Qf3 Nf6 15. Bd3 0-0-0 16. Bf5 Bxf5 17. Qxf5+ e6 18. Qf3 Rd5 19. Nxf7 Rg8 20. Rhe1 1-0

[Event "Bogota IRT de la Sabana"]
[Site "Bogota"]
[Date "2013.01.12"]
[Round "15"]
[White "Nieto, Manuel Guillermo"]
[Black "Olarte Parra, Jhoan Sebastian"]
[Result "1/2-1/2"]
[WhiteElo "1892"]
[BlackElo "1976"]
[PlyCount "72"]
[EventDate "2013.01.03"]
[EventType "tourn"]
[EventRounds "18"]
[EventCountry "COL"]
[SourceTitle "EXT 2022"]
[Source "ChessBase"]
[SourceDate "2021.10.06"]
[SourceVersion "1"]
[SourceVersionDate "2021.10.06"]
[SourceQuality "1"]

1. d4 Nf6 2. c4 g6 3. Nc3 Bg7 4. g3 d6 5. Bg2 0-0 6. Nf3 Re8 7. 0-0 Bg4 8. h3 Bxf3 9. Bxf3 e5 10. dxe5 dxe5 11. Qxd8 Rxd8 12. Bg5 c6 13. Ne4 Nbd7 14. Nxf6+ Bxf6 15. Bxf6 Nxf6 16. Rad1 Kf8 17. e3 Ke7 18. Rxd8 Rxd8 19. Rd1 Rxd1+ 20. Bxd1 e4 21. Bc2 Ke6 22. Kf1 Ke5 23. Ke2 Ne8 24. c5 Kd5 25. Bb3+ Kxc5 26. Bxf7 Nd6 27. Bg8 h6 28. f3 exf3+ 29. Kxf3 Nf5 30. Kf4 Ne7 31. Bb3 Nd5+ 32. Bxd5 cxd5 33. e4 d4 34. e5 d3 35. Ke3 Kd5 36. Kxd3 Kxe5 1/2-1/2

[Event "Bogota IRT de la Sabana"]
[Site "Bogota"]
[Date "2013.01.04"]
[Round "3"]
[White "Baron Calderon, Ismael"]
[Black "Nieto, Manuel Guillermo"]
[Result "0-1"]
[WhiteElo "1702"]
[BlackElo "1892"]
[PlyCount "76"]
[EventDate "2013.01.03"]
[EventType "tourn"]
[EventRounds "18"]
[EventCountry "COL"]
[SourceTitle "EXT 2022"]
[Source "ChessBase"]
[SourceDate "2021.10.06"]
[SourceVersion "1"]
[SourceVersionDate "2021.10.06"]
[SourceQuality "1"]

1. e4 d5 2. exd5 Qxd5 3. Nc3 Qd6 4. d4 Nf6 5. h3 c6 6. Nf3 Bf5 7. Bd3 Bxd3 8. Qxd3 e6 9. 0-0 Be7 10. Ne5 0-0 11. Bg5 Nbd7 12. Nxd7 Qxd7 13. Ne4 Nxe4 14. Bxe7 Nxf2 15. Rxf2 Qxe7 16. Re1 Rad8 17. Qe4 Qd6 18. c3 Qd5 19. Qb1 Qc4 20. Re3 Rd7 21. b3 Qd5 22. Re5 Qd6 23. Qe4 g6 24. Rf6 Kg7 25. Rf2 Qc7 26. Qf4 Qd8 27. c4 Rxd4 28. Qe3 Qd6 29. Re2 Rd8 30. Qc3 Rd1+ 31. Re1 Qd4+ 32. Qxd4 Rxe1+ 33. Rxe1+ Rxd4 34. Re2 Kf6 35. Kf2 e5 36. Kf3 h5 37. g4 hxg4+ 38. hxg4 Ke6 0-1

[Event "Bogota IRT op 08"]
[Site "Bogota"]
[Date "2012.08.19"]
[Round "4"]
[White "Baron, Maria Camila"]
[Black "Nieto, Manuel Guillermo"]
[Result "0-1"]
[WhiteElo "1602"]
[BlackElo "1867"]
[PlyCount "20"]
[EventDate "2012.08.17"]
[EventType "swiss"]
[EventRounds "7"]
[EventCountry "COL"]
[SourceTitle "EXT 2013"]
[Source "ChessBase"]
[SourceDate "2012.11.22"]
[SourceVersion "1"]
[SourceVersionDate "2012.11.22"]
[SourceQuality "1"]

1. e4 d5 2. exd5 Qxd5 3. Nc3 Qd6 4. d4 Nf6 5. Nf3 c6 6. Ne5 Bf5 7. Bd3 Bg6 8. Bxg6 hxg6 9. Nc4 Qc7 10. g3 e6 0-1

[Event "Bogota IRT op 06"]
[Site "Bogota"]
[Date "2012.06.10"]
[Round "4"]
[White "Vargas, Mauricio"]
[Black "Nieto, Manuel Guillermo"]
[Result "1-0"]
[WhiteElo "1990"]
[BlackElo "1892"]
[PlyCount "25"]
[EventDate "2012.06.08"]
[EventType "swiss"]
[EventRounds "7"]
[EventCountry "COL"]
[SourceTitle "CBM 148 Extra"]
[Source "ChessBase"]
[SourceDate "2012.06.22"]
[SourceVersion "1"]
[SourceVersionDate "2012.06.22"]
[SourceQuality "1"]

1. e4 d5 2. exd5 Qxd5 3. Nc3 Qd6 4. d4 Nf6 5. Be3 Bg4 6. f3 Bh5 7. Bc4 c6 8. Qd2 e6 9. 0-0-0 Qc7 10. h4 h6 11. Nge2 Bg6 12. Nf4 Bh7 13. Rhe1 1-0